Przeciwnicy polskich klubów w europejskich pucharach. 21/22 - Statystyki

Ogólne statystyki
  • Ten quiz został rozwiązany 45 razy
    34 od ostatniego zresetowania
  • Średni wynik to 6 z 11
Statystyki odpowiedzi
Polska Drużyna Rywal % Poprawnych
Legia Warszawa Slavia Praga
77%
Legia Warszawa Dinamo Zagrzeb
71%
Legia Warszawa Bodo/Glimt
61%
Raków Częstochowa Gent
61%
Legia Warszawa Flora
55%
Raków Częstochowa Rubin Kazań
55%
Pogoń Szczecin Osijek
45%
Śląsk Wrocław Hapoel Beer Sheva
42%
Raków Częstochowa Suduva
32%
Śląsk Wrocław Ararat
29%
Śląsk Wrocław Paide
26%
Nie znaleziono quizów pasujących do podanych kryteriów
Rozkład punktacji
Procent ludzi z każdym wynikiem
Percentyl według liczby udzielonych odpowiedzi
Twoja historia wyników
Nie rozwiązałeś tego quizu od ostatniego zresetowania